Tilastot visalle Arvaa kunta - Savo

Klikkaa tästä pelataksesi tätä visaa!

Yleistilastot

  • Tätä visaa on pelattu 51 kertaa
  • Keskiarvotulos 15 / 31

Vastaustilastot

HintVastaus% Oikein
Alueen suurin kaupunkiKuopio
95%
Olavinlinna sijaitsee
tässä kaupungissa
Savonlinna
95%
Etelä-Savon maakuntakeskusMikkeli
93%
Kaupungin nimi on myös
rikosnimike
Varkaus
89%
Tunnettu mansikkatiloistaanSuonenjoki
84%
Presidentti Kekkosen
synnyinpitäjä
Pielavesi
66%
Kolmesta suunnasta Kuopion
ympäröimä
Siilinjärvi
66%
Alueen ainoa nelikirjaiminen
kunta
Juva
59%
Etelä-Savon ainoa niemi-
loppuinen kunta
Kangasniemi
59%
Siirtyi Etelä-Savosta
Pohjois-Savoon vuonna
2021
Joroinen
57%
Kylpylä Järvisydän sijaitsee
täällä
Rantasalmi
50%
Pohjois-Savon itäisin kuntaKaavi
48%
Metsäkoneyhtiö Ponsse
on kunnan suurin yritys
Vieremä
48%
Suoritti vuonna 2011 kunta-
liitoksen Varpaisjärven kanssa
Lapinlahti
45%
Koko Savon alueen eteläisin
kunta
Mäntyharju
45%
Maailman pienin ravintola
sijaitsee täällä
Iisalmi
41%
Etelä-Savon toiseksi vähäväkisin
kunta
Pertunmaa
39%
Kuntaa kutsutaan usein Saimaan
talousihmeeksi sen erinoimaisen
taloutensa ansiosta
Puumala
39%
Alueen aakkosjärjestyksessä
toiseksi viimeinen kunta
Vesanto
39%
Erosi Iisalmesta 1860-luvullaKiuruvesi
36%
Pohjois-Savon vähäväkisin kuntaTervo
36%
Kokonaan yhden kaupungin
ympäröimä kunta
Enonkoski
34%
Koki vuonna 2007 merkittävän
alueliitoksen, jossa kunta kasvoi
lähes 40-kertaiseksi
Pieksämäki
34%
Täällä sijaitsee Tiilikkajärven
kansallispuisto
Rautavaara
32%
Kunnan nimi on hyvin saman-
kaltainen erään merkittävän
Turun saaren kanssa
Hirvensalmi
25%
Vaakuna kuvaa kolmea
nuottavenettä
Keitele
23%
Kunnassa sijaitsee Mansikka-
harjun leirintäalue
Leppävirta
23%
Alueen suurin pitäjä 1600-luvullaRautalampi
23%
Vuoden 2003 Jukola viesti -kuntaSulkava
20%
Täällä toimi 1900-luvulla aikansa
suurin Euroopan asbestikaivos
Tuusniemi
18%
Kunnasta on historiallisesti
käytetty myös nimeä Rutakko
Sonkajärvi
16%

Tulosjakauma

Persentiili vastausten määrän mukaan

Jokaisen tuloksen saaneiden osuus

Tuloshistoriasi

Et ole pelannut tätä visaa